[Event "Klatovy op-B 23rd"]
[Site "Klatovy"]
[Date "2017.07.07"]
[Round "7"]
[White "Sedlacek, Pavel"]
[Black "Stanik, Michal"]
[Result "0-1"]
[WhiteElo "1580"]
[BlackElo "1746"]
[PlyCount "56"]
[EventDate "2017.07.01"]
[EventType "swiss"]
[EventRounds "9"]
[EventCountry "CZE"]
[SourceTitle "EXT 2018"]
[Source "ChessBase"]
[SourceDate "2017.10.13"]
[SourceVersion "1"]
[SourceVersionDate "2017.10.13"]
[SourceQuality "1"]

1. c4 e6 2. d4 f5 3. Nc3 Nf6 4. e3 b6 5. Nf3 Bb7 6. a3 d5 7. b4 a5 8. b5 Bd6 9. Be2 0-0 10. 0-0 Nbd7 11. Bb2 Ne4 12. cxd5 exd5 13. Qb3 Ndf6 14. Rad1 Qe8 15. Nd2 g5 16. Ndxe4 fxe4 17. a4 g4 18. Ba3 Rd8 19. Rd2 Qh5 20. Bxd6 Rxd6 21. Qd1 Qh4 22. f4 gxf3 23. gxf3 Qg5+ 24. Kh1 Qxe3 25. fxe4 dxe4 26. Bh5 Qxd2 27. Qxd2 e3+ 28. Bf3 Bxf3+ 0-1

[Event "Klatovy op-B 23rd"]
[Site "Klatovy"]
[Date "2017.07.06"]
[Round "6"]
[White "Stanik, Michal"]
[Black "Merinsky, Vaclav"]
[Result "0-1"]
[WhiteElo "1746"]
[BlackElo "1439"]
[PlyCount "80"]
[EventDate "2017.07.01"]
[EventType "swiss"]
[EventRounds "9"]
[EventCountry "CZE"]
[SourceTitle "EXT 2018"]
[Source "ChessBase"]
[SourceDate "2017.10.13"]
[SourceVersion "1"]
[SourceVersionDate "2017.10.13"]
[SourceQuality "1"]

1. e4 e5 2. Nf3 Nc6 3. Bc4 Bc5 4. b4 Bb6 5. c3 Nf6 6. d3 d6 7. Qb3 0-0 8. a4 a5 9. b5 Ne7 10. 0-0 Ng6 11. Ba3 Qe8 12. Nbd2 Be6 13. Rae1 h6 14. d4 Nd7 15. h3 Bxc4 16. Nxc4 Ba7 17. b6 Bxb6 18. Nxb6 Nxb6 19. Bxd6 cxd6 20. Qxb6 Qxa4 21. Qxb7 Qc4 22. Qd5 Qxc3 23. Rc1 Qb2 24. Rb1 Qc2 25. Rfc1 Qd3 26. Rb3 Qe2 27. Rb7 Nf4 28. Qxd6 Qxe4 29. Rcc7 Nxh3+ 30. gxh3 Qxf3 31. dxe5 Rad8 32. Rd7 Rc8 33. Rbc7 Rb8 34. Qg6 Rb2 35. Qg2 Qe2 36. Re7 a4 37. Qg3 a3 38. e6 a2 39. Rc1 Qd2 40. Rec7 Rb1 0-1

[Event "Klatovy op-B 22nd"]
[Site "Klatovy"]
[Date "2016.07.08"]
[Round "7"]
[White "Flajsman, Petr"]
[Black "Stanik, Michal"]
[Result "1/2-1/2"]
[WhiteElo "1529"]
[BlackElo "1713"]
[PlyCount "81"]
[EventDate "2016.07.02"]
[EventType "swiss"]
[EventRounds "9"]
[EventCountry "CZE"]
[SourceTitle "EXT 2019"]
[Source "ChessBase"]
[SourceDate "2018.10.10"]
[SourceVersion "1"]
[SourceVersionDate "2018.10.10"]
[SourceQuality "1"]

1. e4 c5 2. Nf3 a6 3. c3 d5 4. exd5 Qxd5 5. d4 Nc6 6. Bd3 Bg4 7. Nbd2 Nf6 8. Qb3 Qxb3 9. Nxb3 Bxf3 10. gxf3 cxd4 11. Nxd4 Nxd4 12. cxd4 Rd8 13. Be3 e6 14. a3 Bd6 15. h3 0-0 16. Be4 Rd7 17. Rg1 Nh5 18. Rd1 f5 19. Bc2 Bb8 20. Bb3 Re8 21. Rg5 g6 22. Ke2 f4 23. Bc1 Kg7 24. Kf1 Kf6 25. Re5 Bxe5 26. dxe5+ Ke7 27. Rxd7+ Kxd7 28. Bd2 g5 29. Bc2 Re7 30. Bb4 Rf7 31. Be4 Kc8 32. Ke2 Kd8 33. Kd3 Ke8 34. Bd6 Kd8 35. Kc4 Rd7 36. Kc5 h6 37. Bg6 Ng7 38. b4 Ne8 39. Bd3 b6+ 40. Kc6 b5 41. Kc5 1/2-1/2

[Event "Klatovy op-B 22nd"]
[Site "Klatovy"]
[Date "2016.07.03"]
[Round "2"]
[White "Stanik, Michal"]
[Black "Kotva, Milan"]
[Result "0-1"]
[WhiteElo "1713"]
[BlackElo "1998"]
[PlyCount "104"]
[EventDate "2016.07.02"]
[EventType "swiss"]
[EventRounds "9"]
[EventCountry "CZE"]
[SourceTitle "EXT 2019"]
[Source "ChessBase"]
[SourceDate "2018.10.10"]
[SourceVersion "1"]
[SourceVersionDate "2018.10.10"]
[SourceQuality "1"]

1. e4 e5 2. Nf3 Nc6 3. Bc4 Nf6 4. Ng5 d5 5. exd5 Na5 6. Bb5+ c6 7. dxc6 bxc6 8. Qf3 cxb5 9. Qxa8 Nb7 10. Nc3 Bc5 11. d3 0-0 12. Nge4 Nxe4 13. Nxe4 Bb6 14. Nc3 b4 15. Na4 Qd5 16. Nxb6 axb6 17. Be3 Bg4 18. Qa6 Qxg2 19. Kd2 f5 20. Bxb6 Nd6 21. Rae1 Ra8 22. Ba7 Qd5 23. c4 bxc3+ 24. bxc3 Nc8 25. c4 Qd7 26. a4 Rxa7 27. Qb5 e4 28. Re3 Bf3 29. Rhe1 Nd6 30. Qxd7 Rxd7 31. c5 Nc4+ 32. Kc3 Nxe3 33. Rxe3 exd3 34. Rxd3 Rxd3+ 35. Kxd3 Kf7 36. Kc4 Bc6 37. a5 Ke6 38. f4 g5 39. fxg5 f4 40. Kd4 Kf5 41. h4 Kg4 42. Ke5 f3 43. Kd6 f2 44. Kxc6 f1Q 45. Kb6 Qb1+ 46. Kc7 Qb5 47. c6 Qxa5+ 48. Kb7 Qb5+ 49. Kc7 Kxh4 50. Kd6 Kxg5 51. c7 Qb6+ 52. Kd7 Qxc7+ 0-1